| 000 | 01529cam a2200337 a 4500 | ||
|---|---|---|---|
| 001 | 3436 | ||
| 003 | FISKH | ||
| 005 | 20240305143913.0 | ||
| 008 | 051130s2006 nyu 000 1 eng | ||
| 010 | _a 2005035046 | ||
| 020 | _a0307341542 | ||
| 020 | _a9780307341549 | ||
| 020 | _a9780525575740 | ||
| 035 | _a(OCoLC)ocm62421250 | ||
| 040 |
_aDLC _cDLC _dIG# _dBAKER _dWIQ _dNPL _dVP@ _dYDXCP _dOCLCQ _dDLC _beng |
||
| 043 | _an-us-mo | ||
| 050 | 0 | 0 |
_aPS3606.L935 _bS53 2006 |
| 082 | 0 | 0 |
_a813/.6 _222 |
| 100 | 1 |
_aFlynn, Gillian, _d1971- |
|
| 245 | 1 | 0 |
_aSharp objects : _ba novel / _cGillian Flynn. |
| 260 |
_aNew York : _bShaye Areheart Books, _c2006. |
||
| 300 |
_a254 pages ; _c25 cm. |
||
| 520 | _aWICKED above her hipbone, GIRL across her heart Words are like a road map to reporter Camille Preaker’s troubled past. Fresh from a brief stay at a psych hospital, Camille’s first assignment from the second-rate daily paper where she works brings her reluctantly back to her hometown to cover the murders of two preteen girls. NASTY on her kneecap, BABYDOLL on her leg Since she left town eight years ago, Camille has hardly spoken to her neurotic, hypochondriac mother or to the half-sister she barely knows: a beautiful thirteen-year-old with an eerie grip on the town. | ||
| 650 | 0 |
_aWomen journalists _vFiction. |
|
| 651 | 0 |
_aMissouri _vFiction. |
|
| 655 | 0 | _aDomestic fiction. | |
| 655 | 7 |
_aSuspense fiction. _2gsafd |
|
| 906 |
_a7 _bcbc _corignew _d1 _eecip _f20 _gy-gencatlg |
||
| 942 |
_2ddc _cBK _n0 |
||
| 999 |
_c3436 _d3436 |
||